Indian freedom struggle : (Record no. 5195)
[ view plain ]
| 000 -LEADER | |
|---|---|
| fixed length control field | 00524 a2200169 4500 |
| 010 ## - LCCN (DPL NO) | |
| LC control number | ENG-86775 |
| 020 ## - INTERNATIONAL STANDARD BOOK NUMBER | |
| Terms of availability | 80.00 |
| 035 ## - SYSTEM CONTROL NUMBER | |
| System control number | EN-70308 |
| 037 ## - SOURCE OF ACQUISITION | |
| Source of stock number/acquisition | DBAD / PUB |
| 082 14 - DEWEY DECIMAL CLASSIFICATION NUMBER | |
| Classification number | 954.084 |
| 100 ## - MAIN ENTRY--PERSONAL NAME | |
| Personal name | Eswar, Clement |
| 245 1# - TITLE STATEMENT | |
| Title | Indian freedom struggle : |
| Statement of responsibility, etc | by Clement Eswar |
| Remainder of title | since the first war of independence (1857-1947) / |
| 260 ## - PUBLICATION, DISTRIBUTION, ETC. (IMPRINT) | |
| Place of publication, distribution, etc | Puducherry |
| Name of publisher, distributor, etc | Lily Publications |
| Date of publication, distribution, etc | 2006 |
| 270 ## - ADDRESS | |
| Address | 31, Nehru Nagar |
| City | Puducherry |
| Postal code | 605 011 |
| 300 ## - PHYSICAL DESCRIPTION | |
| Extent | v, 187p |
| Dimensions | 22cm (pbk) |
| 942 ## - ADDED ENTRY ELEMENTS (KOHA) | |
| Institution code [OBSOLETE] | dpl |
| Item type | English Books |
| Source of classification or shelving scheme | Dewey Decimal Classification |
| Classification part | 954.084 |
| Call number suffix | ESW |
| Withdrawn status | Lost status | Not for loan | Collection code | Home library | Current library | Source of acquisition | Cost, normal purchase price | Full call number | Barcode | Copy number | Cost, replacement price | Koha item type |
|---|---|---|---|---|---|---|---|---|---|---|---|---|
| Not For Loan | Non-fiction | D.B.Act.Division | D.B.Act.Division | DBAD/PUB | 80.00 | 954.084 ESW | EN-70308 | 1 | 80.00 | English Books |
